000 00800nam a2200241Ia 4500
003 OSt
005 20220925215250.0
006 a|||||r|||| 00| 0
007 ta
008 220923b |||||||| |||| 00| 0 eng d
037 _cGeneral Book
040 _aRTL
_cRTL
_beng
041 _2eng
_aeng
082 _aY9(T4).1-1.N7, L2
100 _aArcher Margaret Scotford Ed.
_920010
245 0 _aStudents, university and society
_b A comparative so
260 _aLondon
_bHeinemann Educational
_c1972
300 _aviii, 280p
_ccm.
490 _aUniversity of Readings, Graduate School of Contemporary European Studies, Publication
650 _aSociology of Education
942 _hY9(T4).1-1.N7, L2
_cGB
_2CC
999 _c568297
_d568297